• 首页
  • 本馆介绍
  • 公告通知
  • 最新文献
  • 馆藏检索
  • 电子资源
  • 读者导购
  • 参考咨询
  • 我的图书馆
  • 登录
  • 详细信息显示
  • 放入我的书架
  • 预约/预借图书
  • 作者相关作品
  • 分类相关作品
  • 丛书相关作品
  • 出版社相关作品

书目信息

  • 表格格式
  • 工作单格式
  • 卡片格式
题名:
国富论
    
 
作者: 斯密 著
分册: 下册  
出版信息: 南京   译林出版社  2011.04
页数: 477页
开本: 20cm
丛书名:
单 册:
中图分类: F091.33
科图分类:
主题词: 经济思想史
电子资源:
ISBN: 978-7-5447-1677-2
000 00553nam0 2200193 450
001 2656549016
005 20260408154544.79
010    @a978-7-5447-1677-2@dCNY48.00
100    @a20201209d2011 km y0chiy0120 ea
101 0  @achi
102    @aCN@b320000
200 1  @a国富论@Aguo fu lun@h下册@f(英)斯密著@F(Ying)Si Mi Zhu
210    @a南京@c译林出版社@d2011.04
215    @a477页@d20cm
606 0  @a经济思想史
690    @aF091.33@v4
701  0 @a斯密@ASi Mi@4著
801  0 @aCN@b大连网信软件有限公司图书馆·11@c20260408
905    @b6510774@dF091.33@e137:2@f1
    
    国富论.下册/(英)斯密著.-南京:译林出版社,2011.04
    477页;20cm
    
    
    ISBN 978-7-5447-1677-2:CNY48.00
    
●
相关链接 在E读中查询图书 在五车中查询图书 在当当中查询图书 在豆瓣中查询图书


正题名:国富论     索取号:F091.33/137:2         预约/预借

序号 登录号 条形码 馆藏地/架位号 状态 备注
1 1442426   214424265   第一样本阅览室/ [索取号:F091.33/137:2] 在馆    
唐山师范学院图书馆 欢迎您!
大连网信软件有限公司© 版权所有